000 01166cam a22003377a 4500
999 _c532020
_d532020
001 15932035
003 NUST
005 20191106131026.0
008 091005s2008 enka b 001 0 eng
010 _a 2009370132
015 _aGBA853777
_2bnb
016 7 _a014577426
_2Uk
020 _a9780727735928
020 _a0727735926
035 _a(OCoLC)ocn222149283
038 _aMSOHAIL
040 _aUKM
_cUKM
_dYDXCP
_dBTCTA
_dTXA
_dOCLCG
_dBWK
_dDLC
042 _aukblsr
_alccopycat
050 0 0 _aTA357.5.U57
_bE56 2008
082 0 4 _a532.052
_222
100 1 _aEllis, John,
_d1946 January 5-
_925279
245 1 0 _aPressure transients in water engineering :
_ba guide to analysis and interpretation of behaviour /
_cJohn Ellis.
260 _aLondon :
_bThomas Telford,
_c2008.
300 _axx, 540 p. :
_bill. ;
_c24 cm.
504 _aIncludes bibliographical references (p. 525-526) and index.
650 0 _aUnsteady flow (Fluid dynamics)
_925280
650 0 _aPipelines
_xFluid dynamics.
_925281
906 _a7
_bcbc
_ccopycat
_d2
_encip
_f20
_gy-gencatlg
942 _2ddc
_cBK